| 000 | 00000nam 2200000za 4500 |
| 001 | 9.840287 |
| 003 | CaOODSP |
| 005 | 20221107151815 |
| 007 | cr ||||||||||| |
| 008 | 170725s2016 onc |o f|0| 0 fre d |
| 040 | |aCaOODSP|bfre |
| 043 | |an-cn--- |
| 086 | 1 |aT86-29/2016F-PDF |
| 245 | 00|aRisque d'incendie de cigarettes électroniques dans les bagages enregistrés à bord des avions |h[ressource électronique]. |
| 260 | |a[Ottawa] : |bTransports Canada, |c2016. |
| 300 | |a[2] p. |
| 500 | |aPubl. aussi en anglais sous le titre : Fire risk of electronic cigarettes in checked baggage on board an aircraft. |
| 500 | |aTitre de départ. |
| 500 | |aEn tête du titre : Avis de sécurité. |
| 500 | |a« Transport des marchandises dangereuses. » |
| 500 | |a« Février 2016. » |
| 520 | |a« Le but de cet avis est d'informer les opérateurs aériens, les passagers et l'équipage des risques liés au transport de cigarettes électroniques dans les bagages enregistrés à bord d'un avion. »--p. [1]. |
| 692 | 07|2gccst|aTransport des matières dangereuses |
| 692 | 07|2gccst|aPrévention des incendies |
| 710 | 1 |aCanada. |bTransports Canada. |
| 775 | 08|tFire risk of electronic cigarettes in checked baggage on board an aircraft |w(CaOODSP)9.840286 |
| 856 | 40|qPDF|s213 Ko|uhttps://publications.gc.ca/collections/collection_2017/tc/T86-29-2016-fra.pdf |
| 986 | |aNo SGDDI 10358004 |